Diseño en permacultura : una guía práctica del proceso, paso a paso /

Bibliographic Details
Main Author: Aranya (Author)
Format: Electronic eBook
Language:Spanish
English
Published: [Olba, Teruel] : ediciones EcoHabitar, [2017]
Edition:Primera edición en castellano.
Series:Colección Arboretum.
Subjects:
Online Access:Digitalia Hispánica

MARC

LEADER 00000nam a2200000Ii 4500
001 DIGECOHAB0005
003 NyNyDIG
006 m o d
007 cr |||||||||||
008 240202s2017 sp ob 000 0 spa d
035 |a (OCoLC)1422055035 
040 |a DGITA  |b eng  |e rda  |e pn  |c DGITA 
020 |a 9788494537479  |q eBook 
020 |z 9788494537462 
041 1 |a spa  |h eng 
050 1 4 |a S494.5.P47 ebook 
082 0 4 |a 631.58  |2 23 
100 0 |a Aranya,  |e author. 
240 1 0 |a Permaculture design.  |l Spanish 
245 1 0 |a Diseño en permacultura :  |b una guía práctica del proceso, paso a paso /  |c Aranya ; traducción, Fundación Arboretum. 
250 |a Primera edición en castellano. 
264 1 |a [Olba, Teruel] :  |b ediciones EcoHabitar,  |c [2017] 
300 |a 1 online resource. 
336 |a text  |b txt  |2 rdacontent 
337 |a computer  |b c  |2 rdamedia 
338 |a online resource  |b cr  |2 rdacarrier 
347 |a text file  |2 rdaft 
347 |b EPUB 
490 1 |a Colección Arboretum 
504 |a Includes bibliographical references. 
588 0 |a Online resource; title from ePub title page (Digitalia, viewed February 2, 2024) 
650 0 |a Permaculture. 
650 0 |a Agricultural ecology. 
700 1 |i Translation of:  |a Aranya.  |t Permaculture design. 
791 2 |a Digitalia (Firm),  |e distributor. 
793 0 |g Digitalia eBook Collection:  |a EcoHabitar 
776 0 8 |i Print version:  |a Aranya.  |s Permaculture design. lSpanish.  |t Diseño en permacultura.  |b Primera edición en español.  |d [Olba, Teruel] : ediciones EcoHabitar, [2017]  |z 9788494537462 
830 0 |a Colección Arboretum. 
856 4 0 |3 Digitalia Hispánica  |u https://www.digitaliapublishing.com/a/100338/ 
910 |a Premium collection: 2024